[Event "DEN-chT 0910 48th"]
[Site "Denmark"]
[Date "2009.11.08"]
[Round "2.7"]
[White "Haar, Bjarne"]
[Black "Palm, Nikolaj"]
[Result "0-1"]
[WhiteElo "2060"]
[BlackElo "2276"]
[PlyCount "48"]
[EventDate "2009.11.07"]
[EventType "team-tourn"]
[EventRounds "9"]
[EventCountry "DEN"]
[SourceTitle "EXT 2023"]
[Source "ChessBase"]
[SourceDate "2022.10.05"]
[SourceVersion "1"]
[SourceVersionDate "2022.10.05"]
[SourceQuality "1"]
[WhiteTeam "Naestved"]
[BlackTeam "Bronshoj"]
[WhiteTeamCountry "DEN"]
[BlackTeamCountry "DEN"]

1. d4 d5 2. Nf3 e6 3. Bg5 f6 4. Bh4 c5 5. e3 Nc6 6. c3 Nge7 7. Bd3 Ng6 8. Bg3 f5 9. h4 c4 10. Bc2 Bd6 11. Bxd6 Qxd6 12. Ba4 0-0 13. Bxc6 bxc6 14. h5 Nh8 15. Ne5 Nf7 16. Nxf7 Rxf7 17. Nd2 f4 18. exf4 Qxf4 19. Qe2 c5 20. Nf3 cxd4 21. cxd4 Rb8 22. Rb1 Qg4 23. Rh2 Rfb7 24. Qd2 Qe4+ 0-1

[Event "Lovfalds EMT 20th B"]
[Site "Ringsted"]
[Date "2006.09.16"]
[Round "3"]
[White "Haar, Bjarne"]
[Black "Surender, Anil"]
[Result "0-1"]
[WhiteElo "1986"]
[BlackElo "1945"]
[PlyCount "100"]
[EventDate "2006.09.15"]
[EventType "tourn"]
[EventRounds "5"]
[EventCountry "DEN"]
[SourceTitle "EXT 2023"]
[Source "ChessBase"]
[SourceDate "2022.10.05"]
[SourceVersion "1"]
[SourceVersionDate "2022.10.05"]
[SourceQuality "1"]

1. d4 g6 2. Nf3 Bg7 3. Bf4 d6 4. Nbd2 Nd7 5. e3 Ngf6 6. Bc4 0-0 7. c3 Nh5 8. Bg5 Qe8 9. Qc2 e5 10. 0-0-0 Rb8 11. g4 Nhf6 12. dxe5 Nxe5 13. Nxe5 Qxe5 14. f4 Qxe3 15. Rde1 Qc5 16. h3 b5 17. Bb3 a5 18. Bxf6 a4 19. Bxg7 Kxg7 20. Bxa4 bxa4 21. c4 d5 22. Re5 c6 23. Rhe1 a3 24. b3 Qd4 25. Nf3 Qxf4+ 26. R1e3 f6 27. Re7+ Rf7 28. Qd2 Rb7 29. Re8 Rbc7 30. Rg8+ Kh6 31. Rge8 dxc4 32. bxc4 Rcd7 33. Rd3 Qxd2+ 34. Kxd2 Ba6 35. Rxd7 Rxd7+ 36. Kc3 c5 37. Nd2 Bb7 38. Nb3 Rc7 39. Re6 Kg5 40. Re2 Kh4 41. Rf2 Kxh3 42. Rxf6 Kxg4 43. Nd2 Kg5 44. Rf1 h5 45. Rg1+ Kh6 46. Nb1 h4 47. Nxa3 h3 48. Rg3 Bg2 49. Nb5 Re7 50. Rg4 Kh5 0-1

[Event "Lovfalds EMT 19th B"]
[Site "Ringsted"]
[Date "2005.09.17"]
[Round "3"]
[White "Haar, Bjarne"]
[Black "Rohde, Thomas"]
[Result "0-1"]
[WhiteElo "1892"]
[BlackElo "1845"]
[PlyCount "74"]
[EventDate "2005.09.16"]
[EventType "tourn"]
[EventRounds "5"]
[EventCountry "DEN"]
[SourceTitle "EXT 2023"]
[Source "ChessBase"]
[SourceDate "2022.10.05"]
[SourceVersion "1"]
[SourceVersionDate "2022.10.05"]
[SourceQuality "1"]

1. d4 Nf6 2. Bf4 e6 3. Nd2 d5 4. Ngf3 Bd6 5. e3 0-0 6. Bd3 b6 7. 0-0 Bxf4 8. exf4 Ba6 9. Ne5 Bxd3 10. Nxd3 Qd6 11. Qf3 c5 12. dxc5 bxc5 13. Ne5 Nc6 14. Rfe1 Rab8 15. Qa3 Rb5 16. Qd3 Rfb8 17. b3 Nb4 18. Qc3 d4 19. Qb2 Nbd5 20. Ndc4 Qc7 21. a4 Rb4 22. Nd3 Rxc4 23. bxc4 Rxb2 24. Nxb2 Nb4 25. Re2 Qxf4 26. h3 Qf5 27. Rae1 Nxc2 28. Re5 Nxe1 29. Rxf5 exf5 30. Kf1 Nc2 31. Nd3 Nd7 32. Ke2 Na3 33. Nb2 Ne5 34. Nd3 Nxd3 35. Kxd3 Kf8 36. g4 fxg4 37. hxg4 Ke7 0-1

[Event "Lovfalds EMT 17th Master 2"]
[Site "Ringsted"]
[Date "2003.09.21"]
[Round "4"]
[White "Haar, Bjarne"]
[Black "Andersen, Rune"]
[Result "1-0"]
[WhiteElo "1977"]
[BlackElo "2068"]
[PlyCount "111"]
[EventDate "2003.09.19"]
[EventType "tourn"]
[EventRounds "5"]
[EventCountry "DEN"]
[SourceTitle "EXT 2023"]
[Source "ChessBase"]
[SourceDate "2022.10.05"]
[SourceVersion "1"]
[SourceVersionDate "2022.10.05"]
[SourceQuality "1"]

1. d4 d5 2. Nf3 Nc6 3. Bf4 Bg4 4. Nbd2 Nf6 5. h3 Bh5 6. e3 e6 7. c3 Bd6 8. Qb3 Bxf4 9. exf4 Bxf3 10. Nxf3 0-0 11. Qxb7 Ne7 12. Qb3 c5 13. dxc5 Ne4 14. Qc2 Nxc5 15. Ng5 Ng6 16. b4 Ne4 17. Nxe4 dxe4 18. Qxe4 Qc7 19. c4 Rab8 20. a3 a5 21. Rb1 Nxf4 22. g3 f5 23. Qxf4 e5 24. Qh4 Qc6 25. Rg1 f4 26. Bd3 e4 27. b5 Qe6 28. Bc2 Qe5 29. Kf1 Qc3 30. Rc1 Qxa3 31. Kg2 Qf3+ 32. Kf1 Qa3 33. Re1 Rbe8 34. gxf4 Qc3 35. Qg3 e3 36. Qxg7+ Qxg7 37. Rxg7+ Kxg7 38. fxe3 Rc8 39. Bd3 Rf6 40. Ra1 Rd6 41. Ra3 Rc7 42. Ke2 Rh6 43. Rxa5 Rxh3 44. b6 Re7 45. e4 Rd7 46. Rd5 Rf7 47. f5 Rh2+ 48. Ke3 Rb2 49. Rd6 Rb3 50. c5 h5 51. Kf4 Rb2 52. Rg6+ Kf8 53. Rh6 Rd7 54. Bc4 Rd4 55. Bd5 Rbb4 56. Ke5 1-0

[Event "Lovsprings op 12th A"]
[Site "Ringsted"]
[Date "2001.03.30"]
[Round "5"]
[White "Haar, Bjarne"]
[Black "Pedersen, Henrik Dahl"]
[Result "1/2-1/2"]
[WhiteElo "2024"]
[BlackElo "2150"]
[PlyCount "71"]
[EventDate "2001.03.02"]
[EventType "swiss"]
[EventRounds "7"]
[EventCountry "DEN"]
[SourceTitle "EXT 2018"]
[Source "ChessBase"]
[SourceDate "2017.10.13"]
[SourceVersion "1"]
[SourceVersionDate "2017.10.13"]
[SourceQuality "1"]

1. d4 Nf6 2. Bf4 d6 3. Nf3 g6 4. Nbd2 Bg7 5. e3 0-0 6. Bd3 c6 7. 0-0 Na6 8. c3 b5 9. a4 b4 10. Qe2 bxc3 11. bxc3 Nc7 12. e4 Ne6 13. Bg3 d5 14. Ne5 c5 15. Nc6 Qe8 16. exd5 Nxd5 17. c4 Nc3 18. Qf3 Bb7 19. d5 Bxc6 20. dxc6 Rc8 21. Ra3 Rxc6 22. Re1 Qd7 23. Be5 Nd4 24. Qg3 Bh6 25. Bf4 Bxf4 26. Qxf4 Re6 27. Rxe6 Qxe6 28. Qe3 Nce2+ 29. Kf1 Nf4 30. Qxf4 Qb6 31. Ra1 Qb2 32. Rb1 Qa3 33. Qe3 Qxa4 34. Nf3 Nxf3 35. Qxf3 Rd8 36. Re1 1/2-1/2

[Event "Lovsprings op 12th A"]
[Site "Ringsted"]
[Date "2001.03.09"]
[Round "2"]
[White "Haar, Bjarne"]
[Black "Krogh, Peter Ove"]
[Result "1-0"]
[WhiteElo "2024"]
[BlackElo "1992"]
[PlyCount "95"]
[EventDate "2001.03.02"]
[EventType "swiss"]
[EventRounds "7"]
[EventCountry "DEN"]
[SourceTitle "EXT 2018"]
[Source "ChessBase"]
[SourceDate "2017.10.13"]
[SourceVersion "1"]
[SourceVersionDate "2017.10.13"]
[SourceQuality "1"]

1. d4 Nf6 2. Bf4 b6 3. Nf3 Bb7 4. Nbd2 d6 5. e3 Nbd7 6. Bd3 Nh5 7. Bg3 g6 8. Bh4 Bg7 9. h3 c5 10. c3 Qc7 11. Qb3 e6 12. Ng5 d5 13. Qc2 Qc6 14. f4 f5 15. g4 Nhf6 16. 0-0-0 h6 17. Ngf3 Ne4 18. Rhg1 cxd4 19. exd4 Bf6 20. Bxe4 fxe4 21. Bxf6 Nxf6 22. Ne5 Qb5 23. Nxg6 Rg8 24. Ne5 Nd7 25. Nb3 Rc8 26. Qf2 Qa4 27. Kb1 Ba6 28. Qh4 Nxe5 29. dxe5 Bd3+ 30. Ka1 Bc2 31. Rd4 Rc4 32. Rxc4 Qxc4 33. Qxh6 Bxb3 34. Qxe6+ Kf8 35. Qd6+ Kg7 36. axb3 Qc5 37. Qxc5 bxc5 38. Kb1 d4 39. Kc2 Rh8 40. Rh1 d3+ 41. Kd2 Rb8 42. Re1 Rh8 43. Rxe4 Rxh3 44. e6 Kf8 45. f5 Rf3 46. Re3 Rf4 47. Rxd3 Rxg4 48. f6 1-0

[Event "Lovsprings op 12th A"]
[Site "Ringsted"]
[Date "2001.03.02"]
[Round "1"]
[White "Haar, Bjarne"]
[Black "Nielsen, Max"]
[Result "0-1"]
[WhiteElo "2024"]
[BlackElo "2213"]
[PlyCount "112"]
[EventDate "2001.03.02"]
[EventType "swiss"]
[EventRounds "7"]
[EventCountry "DEN"]
[SourceTitle "EXT 2018"]
[Source "ChessBase"]
[SourceDate "2017.10.13"]
[SourceVersion "1"]
[SourceVersionDate "2017.10.13"]
[SourceQuality "1"]

1. d4 Nf6 2. Bf4 g6 3. Nd2 Bg7 4. Ngf3 0-0 5. e4 d6 6. Bd3 c5 7. c3 cxd4 8. cxd4 e5 9. Be3 exd4 10. Bxd4 Nc6 11. Nb3 Nxd4 12. Nfxd4 Re8 13. 0-0 Nxe4 14. Rc1 Nc5 15. Bc4 Nxb3 16. Bxb3 Qb6 17. Qf3 Rf8 18. Ne2 Be6 19. Bxe6 fxe6 20. Qg4 Rae8 21. Rc2 d5 22. Ng3 e5 23. Qd1 Rd8 24. Re1 Qa5 25. Re3 a6 26. Ra3 Qb4 27. Rd3 d4 28. Ne4 Qe7 29. Qc1 Qd7 30. Rc7 Qd5 31. Nc3 Qa5 32. Ne4 Qd5 33. Nc3 Qe6 34. Ne4 Rc8 35. Rxc8 Rxc8 36. Qb1 Qc6 37. Rd1 Bh6 38. h3 b5 39. a3 Qe6 40. Qd3 Bg7 41. Qf3 Rf8 42. Qd3 Qc6 43. Qb3+ Kh8 44. Qd3 Bh6 45. Re1 Qc4 46. Rd1 Qxd3 47. Rxd3 Rc8 48. b4 Rc1+ 49. Kh2 Kg8 50. Kg3 Kf7 51. Kf3 Ke6 52. Rb3 Kd5 53. Rb2 Kc4 54. g3 Rc3+ 55. Ke2 d3+ 56. Kd1 Rxa3 0-1

[Event "EU-chT Railways USIC"]
[Site "Dresden"]
[Date "2000.06.23"]
[Round "6.3"]
[White "Reist, Daniel"]
[Black "Haar, Bjarne"]
[Result "0-1"]
[WhiteElo "2034"]
[BlackElo "1966"]
[PlyCount "104"]
[EventDate "2000.06.19"]
[EventType "team-swiss"]
[EventRounds "7"]
[EventCountry "GER"]
[SourceTitle "EXT 2002"]
[Source "ChessBase"]
[SourceDate "2001.11.25"]
[SourceVersion "1"]
[SourceVersionDate "2001.11.25"]
[SourceQuality "1"]
[WhiteTeam "Switzerland (USIC)"]
[BlackTeam "Denmark (USIC)"]
[WhiteTeamCountry "SUI"]
[BlackTeamCountry "DEN"]

1. e4 e6 2. d4 d5 3. Nd2 c5 4. exd5 Qxd5 5. Ngf3 Nc6 6. Bc4 Qh5 7. dxc5 Qxc5 8. Qe2 Nf6 9. c3 Bd7 10. 0-0 Be7 11. b4 Qh5 12. Rd1 0-0 13. Ne4 Nxe4 14. Qxe4 Rad8 15. Bf4 Bc8 16. Bd3 Bf6 17. b5 Ne7 18. Be5 Nd5 19. Bxf6 Nxf6 20. Qe3 Nd5 21. Qd2 Qg4 22. h3 Qf4 23. c4 Qxd2 24. Rxd2 Nb4 25. Rad1 Nxd3 26. Rxd3 Rxd3 27. Rxd3 f6 28. Ra3 a6 29. bxa6 bxa6 30. Nd4 Rf7 31. Nb3 Rc7 32. Ra4 Kf7 33. Kf1 e5 34. Ke2 Ke6 35. Kd3 Kd6 36. Ra5 Bb7 37. g3 Rc8 38. Ra4 Rd8 39. Kc3 Rc8 40. Rb4 Bg2 41. Rb6+ Rc6 42. c5+ Kc7 43. Rxc6+ Kxc6 44. Kb4 Bxh3 45. Na5+ Kc7 46. Kc4 Be6+ 47. Kd3 Bxa2 48. Ke3 g5 49. Ke4 Be6 50. Kf3 h5 51. Ke3 Bd5 52. f3 f5 0-1

[Event "Lovsprings op 11th"]
[Site "Ringsted"]
[Date "2000.05.12"]
[Round "7"]
[White "Haar, Bjarne"]
[Black "Nielsen, Torben R"]
[Result "1-0"]
[WhiteElo "1986"]
[BlackElo "1930"]
[PlyCount "55"]
[EventDate "2000.03.24"]
[EventType "swiss"]
[EventRounds "7"]
[EventCountry "DEN"]
[SourceTitle "EXT 2018"]
[Source "ChessBase"]
[SourceDate "2017.10.13"]
[SourceVersion "1"]
[SourceVersionDate "2017.10.13"]
[SourceQuality "1"]

1. d4 d5 2. Bf4 Nf6 3. e3 e6 4. Bd3 Be7 5. Nd2 Nbd7 6. Ngf3 0-0 7. 0-0 c5 8. c3 Re8 9. Ne5 Nxe5 10. dxe5 Nd7 11. Qh5 f5 12. Nf3 g6 13. Qh6 Bf8 14. Qh3 Bg7 15. Qg3 c4 16. Bc2 Nc5 17. h4 Ne4 18. Qh2 h6 19. g4 a6 20. Qg2 Kf7 21. Kh1 g5 22. Bh2 gxh4 23. gxf5 exf5 24. Rg1 Rg8 25. Qg6+ Kf8 26. Bxe4 fxe4 27. e6 Qe7 28. Bd6 1-0

[Event "Lovsprings op 11th"]
[Site "Ringsted"]
[Date "2000.04.28"]
[Round "5"]
[White "Krogh, Peter Ove"]
[Black "Haar, Bjarne"]
[Result "1-0"]
[WhiteElo "1971"]
[BlackElo "1986"]
[PlyCount "119"]
[EventDate "2000.03.24"]
[EventType "swiss"]
[EventRounds "7"]
[EventCountry "DEN"]
[SourceTitle "EXT 2018"]
[Source "ChessBase"]
[SourceDate "2017.10.13"]
[SourceVersion "1"]
[SourceVersionDate "2017.10.13"]
[SourceQuality "1"]

1. c4 c5 2. Nf3 Nc6 3. d4 cxd4 4. Nxd4 Nf6 5. Nc3 g6 6. e4 d6 7. Be2 Bg7 8. 0-0 0-0 9. Be3 Ne5 10. h3 b6 11. f4 Ned7 12. Nc6 Qe8 13. e5 dxe5 14. fxe5 Bb7 15. Bf3 Nh5 16. Bg5 f6 17. exf6 Ndxf6 18. Bxf6 Nxf6 19. Ne5 Bxf3 20. Rxf3 Qc8 21. Kh1 Qc5 22. Qe1 Rad8 23. b4 Qc7 24. Nb5 Qb7 25. Re3 Nh5 26. Rd1 Nf4 27. Nf3 Rde8 28. Nd6 Nxg2 29. Nxb7 Nxe1 30. Nxe1 Bf6 31. Kg2 Rc8 32. c5 Rc7 33. Nd8 Rc8 34. Ne6 Rfe8 35. Nf3 bxc5 36. Nxc5 a5 37. a3 axb4 38. axb4 Rb8 39. Nd7 Red8 40. Nxf6+ exf6 41. Rxd8+ Rxd8 42. b5 Rb8 43. Nd4 Kf7 44. Kf3 f5 45. Kf4 h6 46. Re5 Rd8 47. Ke3 f4+ 48. Ke4 Rd6 49. Rd5 Rf6 50. Nf3 Ke7 51. Kd4 g5 52. Kc5 Rf8 53. b6 Rc8+ 54. Kb5 Rc3 55. Nd4 Rxh3 56. b7 Rh1 57. Nc6+ Ke6 58. Nb4 Rb1 59. Rd3 Kf5 60. b8Q 1-0

[Event "Lovfalds 11th B"]
[Site "Ringsted"]
[Date "1997.09.20"]
[Round "2"]
[White "Haar, Bjarne"]
[Black "Lynge, Michael Birch"]
[Result "1/2-1/2"]
[WhiteElo "1920"]
[BlackElo "2096"]
[PlyCount "36"]
[EventDate "1997.09.19"]
[EventType "tourn"]
[EventRounds "5"]
[EventCountry "DEN"]
[SourceTitle "EXT 2023"]
[Source "ChessBase"]
[SourceDate "2022.10.05"]
[SourceVersion "1"]
[SourceVersionDate "2022.10.05"]
[SourceQuality "1"]

1. e4 e6 2. d4 d5 3. Nd2 c5 4. exd5 exd5 5. Bb5+ Nc6 6. Qe2+ Be7 7. dxc5 Nf6 8. Nb3 0-0 9. Be3 Re8 10. h3 Ne4 11. Nf3 Nxc5 12. Nbd4 Bd7 13. 0-0 Bd6 14. Qd1 a6 15. Be2 Ne4 16. c3 Ng3 17. Re1 Nxe2+ 18. Rxe2 h6 1/2-1/2

[Event "Lovsprings op 09th"]
[Site "Ringsted"]
[Date "1997.03.21"]
[Round "2"]
[White "Preuss, Flemming"]
[Black "Haar, Bjarne"]
[Result "1-0"]
[WhiteElo "2041"]
[BlackElo "1903"]
[PlyCount "43"]
[EventDate "1997.03.14"]
[EventType "swiss"]
[EventRounds "7"]
[EventCountry "DEN"]
[SourceTitle "EXT 2018"]
[Source "ChessBase"]
[SourceDate "2017.10.13"]
[SourceVersion "1"]
[SourceVersionDate "2017.10.13"]
[SourceQuality "1"]

1. e4 d6 2. d4 Nf6 3. Nc3 g6 4. f4 Bg7 5. Nf3 0-0 6. Bd3 c6 7. a4 a5 8. 0-0 Qb6 9. Kh1 Bg4 10. e5 Nd5 11. Nxd5 cxd5 12. c3 Nd7 13. Qe1 Qc7 14. Qh4 Bxf3 15. Rxf3 Nb6 16. Rh3 h6 17. f5 h5 18. f6 dxe5 19. fxg7 Kxg7 20. dxe5 Qxe5 21. Be3 Qd6 22. Qd4+ 1-0